000 01101nam a2200349 a 4500
001 000006077
003 DO-SdBNP
005 20170922110539.0
007 000006077
008 090826s2000 dr a 001 spa d
020 _a9993425109
040 _aBPMSU
_bspa
_cBPMSU
049 _a
082 4 _a370.97293
_bE24d
245 0 0 _aEducación dominicana y construcción del conocimiento /
_cJosé Luis Álvarez... [et al.].
260 _aSanto Domingo, :
_bINTEC,
_c2000.
300 _a275 p. :
_bil ;
_c21 cm.
500 _aIncluye referencias bibliográficas
650 _aEDUCACIÓN
650 _aEDUCACIÓN
_xFINES Y OBJETIVOS
_zREPÚBLICA DOMINICANA
650 _aEDUCACIÓN
_xNORMAS
650 _aTEORIA DEL CONOCIMIENTO
_zREPÚBLICA DOMINICANA
700 _aAlvarez, José Luis
710 _aInstituto Tecnológico de Santo Domingo
910 _aValidado. Control de calidad MFF
930 1 _l
_m
_8
_f
_p
_g
942 _2ddc
_cBK
945 _aInvdentariado / 2017 VM
956 _a
_b
_c
_l
_h
956 _a
_b
_c
_l
_h
956 _aVMATEO
_b10
_c20150807
_lBPMSU
_h00151
999 _c8128
_d8128